Madden 25 Top 50 Defensive Overalls - Statistics

General Stats
  • This quiz has been taken 226 times
  • The average score is 35 of 50
Answer Stats
Team Position Overall Answer % Correct
Chiefs DT 97 Chris Jones
99%
Raiders LE 97 Maxx Crosby
99%
Cowboys RE 98 Micah Parsons
99%
Browns RE 98 Myles Garrett
99%
49ers MLB 97 Fred Warner
98%
49ers LE 96 Nick Bosa
98%
Jets CB 97 Sauce Gardner
98%
Steelers LOLB 97 T.J. Watt
98%
Dolphins CB 96 Jalen Ramsey
96%
Giants DT 95 Dexter Lawrence II
93%
Falcons FS 97 Jessie Bates III
93%
Broncos CB 95 Patrick Surtain II
93%
Ravens MLB 95 Roquan Smith
93%
Cowboys LE 91 DeMarcus Lawrence
92%
Packers CB 93 Jaire Alexander
89%
Steelers FS 93 Minkah Fitzpatrick
86%
Jets DT 94 Quinnen Williams
85%
Chargers SS 91 Derwin James Jr.
80%
Cardinals SS 90 Budda Baker
78%
49ers CB 91 Charvarius Ward
78%
Saints MLB 92 Demario Davis
77%
Browns CB 90 Denzel Ward
77%
Jaguars ROLB 91 Josh Hines-Allen
73%
Buccaneers FS 94 Antoine Winfield Jr.
72%
Steelers RE 90 Cameron Heyward
71%
Commanders DT 89 Jonathan Allen
69%
Eagles CB 89 Darius Slay Jr.
66%
Ravens CB 91 Marlon Humphrey
65%
Cowboys CB 89 Trevon Diggs
65%
Chargers ROLB 90 Khalil Mack
64%
Buccaneers MLB 90 Lavonte David
64%
Titans CB 92 L'Jarius Sneed
64%
Buccaneers DT 90 Vita Vea
63%
Saints CB 90 Marshon Lattimore
62%
Lions RE 88 Aiden Hutchinson
57%
Ravens SS 89 Kyle Hamilton
55%
Saints FS 91 Tyrann Mathieu
55%
Falcons CB 89 A.J. Terrell Jr.
53%
Jets MLB 90 C.J. Mosley
53%
Bengals RE 89 Trey Hendrickson
53%
Chiefs CB 90 Trent McDuffie
50%
Cowboys CB 88 DaRon Bland
49%
Bears CB 89 Jaylon Johnson
46%
Steelers ROLB 89 Alex Highsmith
45%
Panthers RE 90 Derrick Brown
40%
Ravens LE 92 Justin Madubuike
39%
Texans RE 88 Danielle Hunter
35%
Bears FS 89 Kevin Byard III
35%
Raiders DT 88 Christian Wilkins
30%
Jaguars MLB 89 Foyesade Oluokun
7%
No matching quizzes found
Score Distribution
Percent of People with Each Score
Percentile by Number Answered
Your Score History
You have not taken this quiz